00773nam a2200217 a 450000100100000000500170001000800410002704000250006808200200009310000420011324500530015524600270020826000370023530000210027259000260029365000280031965000310034791000420037895201180042099900170053800001711720240412074245.0100317s2000 dr r 000 p spa d aDO-SdBNPbspacBNPHU aRD861.44bF316p1 aFéliz, Frank Arnaldo,d1981-93772010aPoemas de adolescencia /cFrank Arnaldo Féliz.14aPoemas de adolescentes aSanto Domingo :b[s. n.],c200?. a155 p. ;c22 cm. aInventariado, 2018/BT 0aPoesía dominicana966 0aLiteratura dominicana.967 aValidado. Control de calidad. MMOLINA 0010718PDaPDbPDcHDd2010-03-17iLF1l0oRD861.44 F316pp17117-10r2020-06-25w2020-06-25yLFPDZNo se presta c16643d16643